[Event "ISR-ch Women 2018"]
[Site "Ma'alot-Tarshih"]
[Date "2018.12.14"]
[Round "3"]
[White "Vardi, Shlomit"]
[Black "Efroimski, Marsel"]
[Result "0-1"]
[WhiteElo "1910"]
[BlackElo "2301"]
[Annotator "TA"]
[PlyCount "58"]
[EventDate "2018.12.11"]
[EventType "swiss"]
[EventCountry "ISR"]
[SourceTitle "playchess.com"]
[Source "ChessBase"]
[SourceQuality "1"]

{[%evp 19,58,-11,-8,0,0,1,7,-5,-11,-12,-15,-14,-22,-139,-93,-78,-27,-58,-58,-58,-53,-65,-62,-68,-58,-80,-80,-65,-70,-226,-190,-231,-126,-299,-210,-266,-107,-1592,-1619,-1485,-1459]} 1. e4 e5 2. Nf3 Nc6 3. Bc4 Bc5 4. Bb3 Nf6 5. d3 {[%cal Bd2d3,Bd3d4,Bd4d5][%mdl 32]} a6 6. O-O Ba7 7. c3 d6 8. h3 {C54: Giuoco Piano: 4 c3 Nf6, main lines with 5 d4 and 5 d3} (8. Re1 O-O 9. h3 h6 10. Nbd2 Re8 11. Nf1 Be6 12. Be3 Bxb3 13. Qxb3 Qd7 14. Bxa7 Rxa7 15. Ne3 Raa8 16. Rad1 b6 17. Nh2 Nd8 18. Nhg4 Nxg4 19. hxg4 Ne6 20. d4 Qe7 21. Qc4 a5 22. f3 {½-½ (22) Alekseev,E (2620)-Tomashevsky,E (2705) Sochi 2018}) 8... h6 9. d4 O-O 10. Re1 Re8 {LiveBook: 6 Games} 11. Bc2 Nh7 $146 ({Predecessor:} 11... exd4 12. Nxd4 Nxd4 13. cxd4 c5 14. d5 b5 15. Nd2 {0-1 (54) Shamima,A (2109)-Tan,L (2091) Chengdu 2017}) 12. Be3 Qf6 13. d5 Bxe3 14. fxe3 Ne7 15. Kh2 g5 16. Ng1 (16. Rf1 $11) 16... Qg6 17. g3 f5 (17... g4 $17 {Hoping for ...gxh3.} 18. h4 f5 19. exf5 Bxf5) 18. exf5 Bxf5 19. e4 Bd7 20. c4 Rf8 $36 {[%mdl 2048] White must now prevent ...Rf2+. Black fights for an advantage.} 21. Rf1 Nf6 22. Nc3 Rf7 23. Qe2 Raf8 24. a4 $2 (24. Rae1 $1 $15) 24... Qg7 25. Bd3 {[#]} Ng6 ({Black should try} 25... g4 $1 $19 26. h4 Ng6) 26. b4 $2 (26. c5 $17) 26... h5 27. Qd2 Qh6 (27... h4 $19 28. g4 {[#]} Bxg4 $1 {[%mdl 512]} 29. Qxg5 Nf4 30. Qxg7+ Rxg7) 28. h4 $2 {[%mdl 8192]} (28. Kh1 $17) 28... Ng4+ $19 29. Kh1 Rf2 {Accuracy: White = 24%, Black = 52%.} 0-1

[Event "ISR-ch Women 2018"]
[Site "Ma'alot-Tarshih"]
[Date "2018.12.14"]
[Round "3"]
[White "Katkov, Michelle"]
[Black "Nesterovskaya, Anzhelika"]
[Result "1/2-1/2"]
[WhiteElo "1887"]
[BlackElo "2130"]
[Annotator "TA"]
[PlyCount "83"]
[EventDate "2018.12.11"]
[EventType "swiss"]
[EventCountry "ISR"]
[SourceTitle "playchess.com"]
[Source "ChessBase"]
[SourceQuality "1"]

{[%evp 13,83,80,92,0,40,34,83,39,46,44,111,31,20,37,37,35,42,32,32,25,75,75,88,0,4,14,4,3,58,72,92,4,10,9,18,7,11,0,0,0,0,0,0,-4,0,-67,-67,-67,-67,-67,-64,-67,-67,-66,-62,-68,-2,-4,0,-1,-1,-1,0,-1,-1,-1,-5,-12,0,0,0,0]} 1. e4 c6 2. d4 g6 3. c4 Bg7 4. Nc3 d6 5. Nf3 Bg4 6. Be2 Qb6 7. Na4 Qa5+ {[#] LiveBook: 6 Games. A42: Modern Defence: Averbakh Variation} 8. Nc3 $146 (8. b4 $1 $16 {[%mdl 512]} Qxb4+ 9. Bd2) ({Predecessor:} 8. Bd2 Qc7 9. Be3 Nd7 10. O-O Ngf6 11. Nc3 O-O 12. Nd2 e5 13. d5 Bxe2 14. Qxe2 Kh8 15. Rfd1 {1-0 (63) Graf,A (2586)-Manolache,M (2530) Neustadt an der Weinstrasse 2008}) 8... Nd7 9. O-O Ngf6 {White is slightly better.} 10. e5 dxe5 11. Nxe5 Be6 {[#]} (11... Bxe2 $14 12. Qxe2 O-O) 12. Nxd7 (12. Nf3 $1 $16) 12... Bxd7 $14 13. Bf4 O-O 14. Qd2 Rfe8 15. Rfe1 Bf5 16. a3 Qd8 17. Rad1 a5 18. b4 (18. h3 $16) 18... axb4 $11 19. axb4 Qb6 20. b5 cxb5 (20... Red8 $11) 21. Nxb5 $14 {Threatens to win with c5.} Ne4 22. Qe3 (22. c5 $16 Qc6 23. Qb4) 22... e5 $1 $11 {[%cal Re5f4]} 23. dxe5 Qxe3 24. Bxe3 {Strongly threatening g4.} Bxe5 25. c5 (25. Rc1 {with more complications.} Bd7 26. Bf3 f5 27. h3 Bc6 28. Nd4) 25... Nc3 $36 {[%mdl 2048] Black fights for an advantage.} 26. Nxc3 Bxc3 27. Rf1 Be4 28. Bb5 Red8 29. Bg5 (29. Rxd8+ $11 Rxd8 30. f3) 29... Rxd1 $1 $15 30. Rxd1 Ra5 31. Bh6 {[%cal Rd1d8]} Bf6 32. f3 Rxb5 33. fxe4 {aiming for e5!} Rxc5 {[%mdl 4096] Endgame KRB-KRB} 34. Rd6 Rc6 (34... Bg5 $15 35. Bxg5 Rxg5) 35. Rd7 $1 $11 {Hoping for e5.The position is equal.} Re6 36. Rxb7 {Threatening mate with Rb8+.} Bd4+ 37. Kf1 {White threatens Rb8+ and mate.} Re8 38. g3 Bg7 39. Bxg7 Kxg7 40. Rb4 $1 Kf6 41. Ke2 Kg5 42. Kf3 {Precision: White = 62%, Black = 51%.} 1/2-1/2

[Event "ISR-ch Women 2018"]
[Site "Ma'alot-Tarshih"]
[Date "2018.12.14"]
[Round "3"]
[White "Levitan, Ronit"]
[Black "Buzukashvili, Sofia"]
[Result "1-0"]
[WhiteElo "1875"]
[BlackElo "1963"]
[Annotator "NA RC"]
[PlyCount "69"]
[EventDate "2018.12.11"]
[EventType "swiss"]
[EventCountry "ISR"]
[SourceTitle "playchess.com"]
[Source "ChessBase"]
[SourceQuality "1"]
[TimeControl "40/5400+30:1800+30"]

1. e4 {[%emt 0:00:00]} c5 {[%emt 0:00:00]} 2. c3 {[%emt 0:00:00]} g6 {[%emt 0:00:15]} 3. d4 {[%emt 0:00:00]} cxd4 {[%emt 0:00:16]} 4. cxd4 {[%emt 0:00:00]} d5 {[%emt 0:00:29]} 5. e5 {[%emt 0:00:00]} Nc6 {[%emt 0:00:47]} 6. Nc3 {[%emt 0:00:24]} Bg7 {[%emt 0:00:37]} 7. h3 {[%emt 0:00:26]} f6 {[%emt 0:01:32] B22: Sicilian: 2 c3} 8. f4 {[%emt 0:00:55]} Nh6 {[%emt 0:02:28]} 9. g4 {[%emt 0:00:29]} O-O {[%emt 0:04:02]} 10. Bg2 {[%emt 0:00:22]} fxe5 {[%emt 0:17:28]} 11. fxe5 {[%emt 0:02:40]} e6 {[%emt 0:07:27]} 12. Nf3 {[%emt 0:01:03]} a6 $146 {[%emt 0:04:25]} ({Predecessor:} 12... Bd7 13. Be3 Rc8 14. Qd2 Nf7 15. O-O {1-0 (35) Pavasovic,D (2597)-Lie,K (2526) Dresden 2008}) 13. O-O {[%emt 0:03:45]} Bd7 {[%emt 0:02:12]} 14. Be3 {[%emt 0:03:14]} Na5 {[%emt 0:08:26]} 15. b3 {[%emt 0:01:03]} Rc8 {[%emt 0:02:11]} 16. Qd2 {[%emt 0:02:31]} Nf7 {[%emt 0:01:53]} 17. h4 {[%emt 0:03:14]} Qb6 {[%emt 0:10:19]} 18. h5 {[%emt 0:04:22]} g5 {[%emt 0:14:32]} 19. Bxg5 {[%emt 0:16:37]} Nxe5 {[%emt 0:00:13]} 20. Nxe5 {[%emt 0:01:27]} Bxe5 {[%emt 0:00:06]} 21. Be3 {[%emt 0:00:18]} Bg7 {[%emt 0:06:42]} 22. h6 {[%emt 0:01:24]} Bf6 {[%emt 0:01:10]} 23. g5 {[%emt 0:00:54]} Bh8 $2 {[%emt 0:01:15] [#]} (23... Be7 $16 {is tougher.}) 24. Nxd5 $1 {[%emt 0:17:40]} exd5 {[%emt 0:01:30]} 25. Bxd5+ {[%emt 0:00:04]} Be6 {[%emt 0:00:06]} 26. Qxa5 {[%emt 0:00:27]} Qd6 {[%emt 0:05:09]} 27. Bxe6+ {[%emt 0:02:04]} Qxe6 {[%emt 0:00:04]} 28. Qd2 {[%emt 0:00:28]} Rfd8 {[%emt 0:07:15]} 29. Rf4 {[%emt 0:13:07]} Qh3 {[%emt 0:00:31]} 30. Re1 {[%emt 0:06:24]} Qg3+ {[%emt 0:00:12]} 31. Kh1 {[%emt 0:01:35]} Rc2 {[%emt 0:01:01]} 32. Qxc2 {[%emt 0:00:33]} Qxe1+ {[%emt 0:00:05]} 33. Kg2 {[%emt 0:00:06]} b5 {[%emt 0:00:56]} 34. Qe4 {[%emt 0:00:38]} Qe2+ {[%emt 0:00:54]} 35. Rf2 {[%emt 0:00:14]} 1-0

[Event "ISR-ch Women 2018"]
[Site "Ma'alot-Tarshih"]
[Date "2018.12.14"]
[Round "3"]
[White "Ovechkin, Lilia"]
[Black "Brusilovski, Lena"]
[Result "1-0"]
[WhiteElo "1779"]
[BlackElo "1886"]
[Annotator "NA RC"]
[PlyCount "49"]
[EventDate "2018.12.11"]
[EventType "swiss"]
[EventCountry "ISR"]
[SourceTitle "playchess.com"]
[Source "ChessBase"]
[SourceQuality "1"]
[TimeControl "40/5400+30:1800+30"]

1. d4 {[%emt 0:00:00]} Nf6 {[%emt 0:00:02]} 2. c4 {[%emt 0:04:22]} g6 {[%emt 0:03:04]} 3. Nc3 {[%emt 0:00:25]} Bg7 {[%emt 0:01:44]} 4. e4 {[%emt 0:02:13]} d6 {[%emt 0:00:54]} 5. Be3 {[%emt 0:01:11]} Ng4 {[%emt 0:02:52]} 6. Qd2 {[%emt 0:06:39]} Nxe3 {[%emt 0:00:52]} 7. Qxe3 {[%emt 0:01:26]} c6 {[%emt 0:03:16]} 8. Bd3 {[%emt 0:05:16]} Qb6 {[%emt 0:02:12]} 9. Nge2 {[%emt 0:01:12]} Qxb2 {[%emt 0:00:58]} 10. Rb1 {[%emt 0:01:08]} Qa3 {[%emt 0:00:14]} 11. Rb3 {[%emt 0:00:49]} Qa5 {[%emt 0:00:11]} 12. O-O {[%emt 0:01:02]} Qc7 {[%emt 0:00:41]} 13. f4 $17 {[%emt 0:07:02]} e5 {[%emt 0:04:45]} 14. fxe5 {[%emt 0:18:11]} dxe5 {[%emt 0:00:30]} 15. d5 {[%emt 0:00:54]} Nd7 {[%emt 0:05:40]} 16. Na4 {[%emt 0:11:15]} c5 {[%emt 0:03:13]} 17. Nec3 {[%emt 0:01:52]} a6 {[%emt 0:01:43]} 18. Rfb1 {[%emt 0:01:10]} Rb8 {[%emt 0:03:04]} 19. Nb6 {[%emt 0:01:13]} Nxb6 {[%emt 0:01:28]} 20. Rxb6 {[%emt 0:00:04]} Bf8 {[%emt 0:02:27]} 21. Bc2 {[%emt 0:06:00]} Bd7 {[%emt 0:01:54]} 22. d6 {[%emt 0:01:10]} Qc8 {[%emt 0:01:43]} 23. Qg5 {[%emt 0:02:12]} Be6 {[%emt 0:01:29]} 24. Qxe5 {[%emt 0:00:48]} Rg8 {[%emt 0:01:08]} 25. Ba4+ {[%emt 0:00:52]} 1-0

[Event "ISR-ch Women 2018"]
[Site "Ma'alot-Tarshih"]
[Date "2018.12.15"]
[Round "4"]
[White "Shvayger, Yuliya"]
[Black "Klinova, Masha"]
[Result "1/2-1/2"]
[WhiteElo "2393"]
[BlackElo "2267"]
[Annotator "NA"]
[PlyCount "63"]
[EventDate "2018.12.11"]
[EventType "swiss"]
[EventCountry "ISR"]
[SourceTitle "playchess.com"]
[Source "ChessBase"]
[SourceQuality "1"]
[TimeControl "40/5400+30:1800+30"]

1. e4 {[%emt 0:03:41]} d6 {[%emt 0:00:00]} 2. d4 {[%emt 0:00:24]} Nf6 {[%emt 0:00:00]} 3. Nc3 {[%emt 0:00:21]} g6 {[%emt 0:00:00]} 4. Be3 {[%emt 0:01:51]} c6 {[%emt 0:00:13]} 5. Qd2 {[%emt 0:00:49]} b5 {[%emt 0:02:37]} 6. Bd3 {[%emt 0:04:19]} Nbd7 {[%emt 0:04:43]} 7. h3 {[%emt 0:02:31]} Bg7 {[%emt 0:02:59]} 8. Nf3 {[%emt 0:00:07]} e5 {[%emt 0:01:46]} 9. dxe5 {[%emt 0:06:51]} dxe5 {[%emt 0:07:51]} 10. O-O {[%emt 0:00:12]} Bb7 {[%emt 0:03:43]} 11. a4 {[%emt 0:06:17]} a6 {[%emt 0:02:25]} 12. Ne2 {[%emt 0:18:11]} Qe7 {[%emt 0:02:44]} 13. Ng3 {[%emt 0:02:09]} O-O {[%emt 0:00:42]} 14. Rfd1 {[%emt 0:05:50]} Rfe8 {[%emt 0:07:05]} 15. b4 {[%emt 0:05:29]} Bf8 {[%emt 0:14:19]} 16. Rdb1 {[%emt 0:01:57]} Red8 {[%emt 0:03:38]} 17. Qe2 {[%emt 0:03:26]} Rac8 {[%emt 0:15:03]} 18. c4 {[%emt 0:01:43]} c5 {[%emt 0:04:47]} 19. axb5 {[%emt 0:06:37]} cxb4 {[%emt 0:01:21]} 20. bxa6 {[%emt 0:00:07]} Ba8 {[%emt 0:00:05]} 21. Nd2 {[%emt 0:09:07]} Nc5 {[%emt 0:01:04]} 22. Bxc5 {[%emt 0:00:02]} Qxc5 {[%emt 0:01:16]} 23. Nb3 {[%emt 0:00:02]} Qa7 {[%emt 0:01:41]} 24. Ra5 {[%emt 0:04:18]} Nd7 {[%emt 0:02:45]} 25. Nf1 {[%emt 0:03:39]} Nc5 {[%emt 0:00:38]} 26. Nxc5 {[%emt 0:00:07]} Bxc5 {[%emt 0:00:14]} 27. Ne3 {[%emt 0:00:13]} Rd6 {[%emt 0:08:11]} 28. Nd5 {[%emt 0:00:41]} Rxa6 {[%emt 0:01:15]} 29. Rxa6 {[%emt 0:00:19]} Qxa6 {[%emt 0:00:08]} 30. Nxb4 {[%emt 0:00:09]} Qd6 {[%emt 0:02:49]} 31. Nd5 {[%emt 0:00:13]} Kg7 {[%emt 0:00:28]} 32. Qb2 {[%emt 0:05:50]} 1/2-1/2

[Event "ISR-ch Women 2018"]
[Site "Ma'alot-Tarshih"]
[Date "2018.12.15"]
[Round "4"]
[White "Efroimski, Marsel"]
[Black "Reprun, Nadejda"]
[Result "1/2-1/2"]
[WhiteElo "2301"]
[BlackElo "2016"]
[Annotator "TA"]
[PlyCount "135"]
[EventDate "2018.12.11"]
[EventType "swiss"]
[EventCountry "ISR"]
[SourceTitle "playchess.com"]
[Source "ChessBase"]
[SourceQuality "1"]

{[%evp 28,135,0,0,0,0,0,0,50,75,66,35,30,0,0,-8,20,18,74,63,63,81,73,18,68,84,79,83,67,81,79,69,62,84,88,33,31,24,41,37,36,27,15,14,14,0,0,0,84,51,46,14,76,76,95,76,88,81,95,43,72,43,289,291,335,335,335,335,335,285,335,335,335,335,335,335,335,335,335,335,335,0,320,291,312,0,0,0,0,0,0,0,0,0,0,0,0,0,0,0,0,0,0,0,0,0,0,0,0,0]} 1. e4 c6 2. d4 d5 3. Nc3 dxe4 4. Nxe4 Bf5 5. Ng3 Bg6 6. h4 h6 7. Nf3 Nd7 8. h5 Bh7 9. Bd3 Bxd3 10. Qxd3 Ngf6 11. Bd2 e6 12. O-O-O Be7 13. Kb1 c5 {B19: Classical Caro-Kann: 4...Bf5 main line} (13... O-O 14. Ne4 c5 15. g4 Nxg4 16. Qe2 Qb6 17. Ne5 Ndxe5 18. dxe5 f5 19. exf6 Nxf6 20. Nc3 Rad8 21. Rhg1 Kh8 22. Rg6 {½-½ (38) Saric,I (2662)-Nisipeanu,L (2672) Heraklio 2017}) 14. d5 Nxd5 15. Nf5 $1 {[%cal Rf5g7] LiveBook: 6 Games} Bf6 16. Nd6+ Kf8 $146 ({Predecessor:} 16... Ke7 17. c4 Kxd6 18. cxd5 e5 19. Bc3 Re8 20. Nd2 Rc8 21. Rhe1 {1-0 (29) Keller,P (2248)-Biegel,T (2053) Bad Homburg 2015}) 17. Ne4 Be7 (17... b5 $5) 18. c4 {[%mdl 1024] White has compensation.} N5f6 19. Bc3 Qb6 20. Ng3 Rd8 21. Qe2 Bd6 22. Rd3 Bxg3 (22... Qc6 $11) 23. fxg3 $16 Ke7 24. Nh4 Rhe8 25. Nf5+ $1 Kf8 {[#]} 26. Nxg7 $1 {[%mdl 512]} Kxg7 {[#]} 27. Rxd7 $1 {[%mdl 512]} e5 (27... Rxd7 28. Qg4+) 28. Rxd8 Qxd8 29. Bxe5 Qd7 30. Bxf6+ $1 Kxf6 $14 {[%mdl 4096] Endgame KQR-KQR} 31. Rf1+ (31. Qf3+ $16 Kg7 32. Rf1) 31... Kg7 32. Qf3 Qe6 33. Qxb7 Qxc4 34. Qf3 Re2 {( -> ...Qc2+)} 35. Rc1 $36 {[%mdl 2048] White is more active.} Qb5 {[%csl Ge2][%cal Rb5b2]} 36. b3 Qa6 {[%csl Ge2][%cal Ra6a2]} 37. Qc3+ Kh7 (37... Kg8 $11 38. Rc2 Rxg2) 38. Rc2 (38. a4 {keeps more tension.} Qd6 39. Rc2 Re5 40. g4 Kg8 41. Kb2) 38... Rxg2 39. Qxc5 (39. Qf3 {with more complications.} Rg1+ 40. Kb2 Rf1 41. Qc3 Qe6 42. Qxc5 Rf5 43. Qc4) 39... Rxc2 (39... Qf1+ $11 40. Kb2 Qf6+ 41. Qc3 Qxc3+ 42. Kxc3 Rxg3+ 43. Kb2 f5) 40. Qxc2+ {KQ-KQ} ({Much weaker is} 40. Kxc2 Qxa2+ 41. Kc3 Qa1+ 42. Kc2 Qe1 $11) 40... Kg7 41. a4 {[%cal Ba2a4,Ba4b5,Bb5b6][%mdl 32]} Qb6 42. Qc3+ Kg8 43. b4 ({White should play} 43. Kb2 $16) 43... Qd6 44. Kb2 a6 $2 (44... Qd1 $1 $14) 45. b5 $1 $18 axb5 46. axb5 Qe6 47. Qc6 {White wants to mate with Qxe6.} Qe5+ 48. Kc2 Qxh5 {[#]} 49. b6 $1 Qe2+ 50. Kc3 Qe3+ 51. Kb4 Qd4+ 52. Kb5 Qb2+ 53. Ka6 Qa3+ {[#]} 54. Kb5 $2 ({Only move:} 54. Kb7 $1 $18) 54... Qb3+ $2 {[%mdl 8192]} (54... Qb2+ $1 $11 {and Black is okay.} 55. Ka6 Qa3+ 56. Kb7 Qxg3 57. Qxh6 Qe5) 55. Ka5 Qa2+ 56. Qa4 $2 ({White must play} 56. Kb4 $18) 56... Qd5+ $11 {The position is equal.} 57. Qb5 Qa2+ $1 58. Kb4 {aiming for b7.} Qb2+ $1 59. Kc4 Qe2+ $1 60. Kc5 Qe5+ 61. Kb4 Qb2+ $1 62. Ka5 Qa2+ $1 63. Qa4 Qd5+ 64. Ka6 {Threatens to win with b7.} Qa8+ 65. Kb5 Qd5+ 66. Kb4 {Hoping for Qb3.} Qd4+ 67. Ka5 Qd5+ 68. Qb5 {Precision: White = 62%, Black = 59%.} 1/2-1/2

[Event "ISR-ch Women 2018"]
[Site "Ma'alot-Tarshih"]
[Date "2018.12.15"]
[Round "4"]
[White "Nesterovskaya, Anzhelika"]
[Black "Ovechkin, Lilia"]
[Result "1-0"]
[WhiteElo "2130"]
[BlackElo "1779"]
[Annotator "NA"]
[PlyCount "69"]
[EventDate "2018.12.11"]
[EventType "swiss"]
[EventCountry "ISR"]
[SourceTitle "playchess.com"]
[Source "ChessBase"]
[SourceQuality "1"]
[TimeControl "40/5400+30:1800+30"]

1. e4 e5 2. Nc3 Nf6 3. Nf3 Nc6 4. d4 exd4 5. Nd5 Be7 6. Nxd4 Nxd5 7. exd5 Nxd4 8. Qxd4 Bf6 9. Qd3 Qe7+ 10. Be2 O-O 11. O-O Re8 12. Bf3 d6 13. c3 g6 14. Bd2 Bf5 15. Qb5 Qd7 16. Qc4 b5 17. Qb3 Bd3 18. Rfe1 Qf5 19. Rxe8+ Rxe8 20. Be3 Bc4 21. Qd1 h5 22. h3 a6 23. b3 Bxc3 24. Rc1 Bxb3 25. axb3 b4 26. Qc2 Qe5 27. Bd2 Bxd2 28. Qxd2 a5 29. Rxc7 Qe1+ 30. Qxe1 Rxe1+ 31. Kh2 Rb1 32. Ra7 Ra1 33. Be2 Kf8 34. Bc4 Ke8 35. Bb5+ 1-0

[Event "ISR-ch Women 2018"]
[Site "Ma'alot-Tarshih"]
[Date "2018.12.15"]
[Round "4"]
[White "Lahav, Michal"]
[Black "Levitan, Ronit"]
[Result "1-0"]
[WhiteElo "2059"]
[BlackElo "1875"]
[Annotator "NA"]
[PlyCount "54"]
[EventDate "2018.12.11"]
[EventType "swiss"]
[EventCountry "ISR"]
[SourceTitle "playchess.com"]
[Source "ChessBase"]
[SourceQuality "1"]
[TimeControl "40/5400+30:1800+30"]

1. Nf3 {[%emt 0:00:04]} d5 {[%emt 0:00:00]} 2. g3 {[%emt 0:00:07]} c6 {[%emt 0:00:00]} 3. Bg2 {[%emt 0:00:15]} Bg4 {[%emt 0:00:10]} 4. O-O {[%emt 0:00:14]} Nd7 {[%emt 0:00:24]} 5. d3 {[%emt 0:00:17]} Ngf6 {[%emt 0:00:46]} 6. Nbd2 {[%emt 0:00:18]} e6 {[%emt 0:01:23]} 7. e4 {[%emt 0:00:40]} dxe4 {[%emt 0:05:28]} 8. dxe4 {[%emt 0:02:26]} Bc5 {[%emt 0:01:32]} 9. Qe1 {[%emt 0:03:08]} e5 {[%emt 0:05:32]} 10. Nc4 {[%emt 0:08:04]} Qc7 {[%emt 0:01:27]} 11. b4 {[%emt 0:04:07]} Be7 {[%emt 0:23:57]} 12. Bb2 {[%emt 0:02:47]} Bxf3 {[%emt 0:00:07]} 13. Bxf3 {[%emt 0:00:06]} b5 {[%emt 0:07:19]} 14. Ne3 {[%emt 0:06:12]} Nb6 {[%emt 0:02:26]} 15. Qc3 {[%emt 0:06:47]} Nfd7 {[%emt 0:22:40]} 16. Nd5 {[%emt 0:09:03]} Qb7 {[%emt 0:01:17]} 17. Nxe7 {[%emt 0:08:31]} Kxe7 {[%emt 0:00:03]} 18. Rad1 {[%emt 0:00:17]} Na4 {[%emt 0:02:28]} 19. Rxd7+ {[%emt 0:02:46]} Qxd7 {[%emt 0:01:53]} 20. Qxe5+ {[%emt 0:00:07]} Qe6 {[%emt 0:00:51]} 21. Qg5+ {[%emt 0:00:11]} Ke8 {[%emt 0:05:17]} 22. Qxg7 {[%emt 0:16:00]} Rf8 {[%emt 0:00:31]} 23. Bg4 {[%emt 0:01:28]} Qe7 {[%emt 0:07:43]} 24. Bf6 {[%emt 0:03:52]} Qxb4 {[%emt 0:02:39]} 25. Rd1 {[%emt 0:00:25]} Nb6 {[%emt 0:00:43]} 26. Qg5 {[%emt 0:00:20]} Qxe4 {[%emt 0:01:59]} 27. Qd2 {[%emt 0:00:09]} Qd4 {[%emt 0:04:55]} 1-0

[Event "ISR-ch Women 2018"]
[Site "Ma'alot-Tarshih"]
[Date "2018.12.15"]
[Round "4"]
[White "Haitovich, Avital"]
[Black "Katkov, Michelle"]
[Result "1/2-1/2"]
[WhiteElo "1979"]
[BlackElo "1887"]
[Annotator "NA RC"]
[PlyCount "113"]
[EventDate "2018.12.11"]
[EventType "swiss"]
[EventCountry "ISR"]
[SourceTitle "playchess.com"]
[Source "ChessBase"]
[SourceQuality "1"]
[TimeControl "40/5400+30:1800+30"]

1. e4 {[%emt 0:00:00]} e5 {[%emt 0:00:00]} 2. Nf3 {[%emt 0:00:00]} Nc6 {[%emt 0:00:00]} 3. Bb5 {[%emt 0:00:00]} a6 {[%emt 0:00:10]} 4. Ba4 {[%emt 0:00:02]} Nf6 {[%emt 0:00:08]} 5. d4 {[%emt 0:00:08]} exd4 {[%emt 0:00:43]} 6. O-O {[%emt 0:00:10]} Be7 {[%emt 0:00:54]} 7. Re1 {[%emt 0:00:10]} b5 {[%emt 0:00:21]} 8. Bb3 {[%emt 0:00:16]} d6 {[%emt 0:00:17]} 9. Bd5 {[%emt 0:00:29]} Nxd5 {[%emt 0:00:32]} 10. exd5 {[%emt 0:00:03]} Ne5 {[%emt 0:00:30]} 11. Nxd4 {[%emt 0:00:38]} O-O {[%emt 0:00:54]} 12. a4 {[%emt 0:00:33]} Bg4 {[%emt 0:00:28]} 13. Qd2 {[%emt 0:00:50] C84: Closed Ruy Lopez: Unusual White 6th moves} Bd7 {[%emt 0:01:02]} 14. Nc3 {[%emt 0:00:43]} b4 {[%emt 0:00:35]} (14... Rb8 15. axb5 axb5 16. b3 Re8 17. Bb2 Bg5 18. f4 Bh6 19. g3 Ra8 20. Nd1 Rxa1 21. Bxa1 {0-1 (32) Radulski,J (2552)-Mastrovasilis,D (2631) Plovdiv 2012}) 15. Ne4 {[%emt 0:05:34]} Qb8 {[%emt 0:01:13]} 16. b3 {[%emt 0:08:54]} Qb7 {[%emt 0:04:07]} 17. c4 {[%emt 0:08:10]} bxc3 {[%emt 0:03:22]} 18. Nxc3 {[%emt 0:00:20]} Bf6 $146 {[%emt 0:07:52]} ({Predecessor:} 18... Rfe8 19. Bb2 Ng6 20. Qd3 Bf6 {½-½ (47) Perez Rodriguez,L (2420)-De la Paz Perdomo,F (2461) Santa Clara 2005}) 19. Bb2 {[%emt 0:09:38]} c5 {[%emt 0:09:10]} 20. dxc6 {[%emt 0:05:35]} Nxc6 {[%emt 0:01:01]} 21. Ne4 {[%emt 0:12:19]} Bxd4 {[%emt 0:06:04]} 22. Bxd4 {[%emt 0:00:18]} Nxd4 {[%emt 0:03:31]} 23. Qxd4 {[%emt 0:00:30]} Be6 {[%emt 0:11:35]} 24. Re3 {[%emt 0:09:10]} Qe7 {[%emt 0:08:40]} 25. Nxd6 {[%emt 0:13:25]} Rfd8 {[%emt 0:03:05]} 26. Rd1 {[%emt 0:01:32]} Rd7 {[%emt 0:04:03]} 27. Red3 {[%emt 0:05:20]} Rad8 {[%emt 0:01:30]} 28. Qb6 {[%emt 0:10:36]} h6 {[%emt 0:03:13]} 29. h3 {[%emt 0:02:50]} Kh7 {[%emt 0:04:01]} 30. b4 {[%emt 0:02:46]} Bb3 {[%emt 0:02:27]} 31. Rxb3 {[%emt 0:02:37]} Rxd6 {[%emt 0:00:07]} 32. Rxd6 {[%emt 0:00:12]} Qe1+ {[%emt 0:04:33]} 33. Kh2 {[%emt 0:00:08]} Qe5+ {[%emt 0:00:03]} 34. Rg3 {[%emt 0:02:05]} Rxd6 {[%emt 0:00:10]} 35. Qe3 {[%emt 0:00:18]} Qa1 {[%emt 0:06:12]} 36. Qc3 {[%emt 0:00:31]} Qxc3 {[%emt 0:00:41]} 37. Rxc3 {[%emt 0:00:02]} Rd4 {[%emt 0:01:20]} 38. Rb3 {[%emt 0:00:16]} Kg6 {[%emt 0:02:02]} 39. b5 {[%emt 0:00:53]} axb5 {[%emt 0:00:06]} 40. axb5 {[%emt 0:00:03]} Rd7 {[%emt 0:00:13]} 41. Kg3 {[%emt 0:05:02]} Kf5 {[%emt 0:01:04]} 42. Kf3 {[%emt 0:01:57]} Rb7 {[%emt 0:00:39]} 43. b6 {[%emt 0:12:10]} Ke5 {[%emt 0:01:56]} 44. Ke3 {[%emt 0:03:58]} Kd5 {[%emt 0:02:57]} 45. Kf4 {[%emt 0:00:44]} Kc5 {[%emt 0:02:36]} 46. Ke5 {[%emt 0:00:30]} Re7+ {[%emt 0:00:07]} 47. Kf5 {[%emt 0:00:10]} Rb7 {[%emt 0:00:05]} 48. g4 {[%emt 0:00:41]} Rxb6 {[%emt 0:02:51]} 49. Rxb6 {[%emt 0:00:07]} Kxb6 {[%emt 0:00:03]} 50. f4 {[%emt 0:00:19]} Kc6 {[%emt 0:01:01]} 51. h4 {[%emt 0:05:50]} Kd6 {[%emt 0:01:33]} 52. h5 {[%emt 0:00:16]} Ke7 {[%emt 0:01:03]} 53. g5 {[%emt 0:00:40]} hxg5 $1 {[%emt 0:05:40]} 54. fxg5 $11 {[%emt 0:01:04]} Kf8 {[%emt 0:00:14]} 55. h6 {[%emt 0:02:01]} gxh6 {[%emt 0:00:17]} 56. gxh6 {[%emt 0:00:07]} Kg8 {[%emt 0:00:07]} 57. Ke4 {[%emt 0:04:50]} 1/2-1/2